| 000 | 00755nam a2200241 a 4500 | ||
|---|---|---|---|
| 999 |
_c2164 _d2164 |
||
| 001 | 2164 | ||
| 003 | BD-JhCC | ||
| 005 | 20171030170003.0 | ||
| 008 | 171030s2007 bg |||| |||| 000 0 ben d | ||
| 020 | _a9847000600622 | ||
| 020 | _a984401109x | ||
| 035 | _a(BD-JhCC)2164 | ||
| 040 |
_aBD-JhCC _dBD-JhCC |
||
| 041 | _aben | ||
| 082 |
_a891.443 _bAZA 2007 |
||
| 100 | _aআজাদ, হুমায়ুন | ||
| 245 |
_aছাপ্পান্নো হাজার বর্গমাইল / _c হুমায়ুন আজাদ |
||
| 260 |
_aঢাকা : _bআগামী প্রকাশনী, _c২০০৭. |
||
| 300 |
_a১৬৮ পৃ. : _c২১ সেমি. |
||
| 650 | _aBengali Novel | ||
| 942 |
_2ddc _cBK |
||